| 000 | 00578nam a2200193 u 4500 | ||
|---|---|---|---|
| 005 | 20241203063741.0 | ||
| 008 | 080929s2007 r 000 0 eng d | ||
| 020 | _a9702216524 | ||
| 035 | _aUPN01000161416 | ||
| 049 | _aI | ||
| 050 | 4 |
_aQE861.5 _bM3.2 |
|
| 100 | 1 | _aMadgwick, Wendy | |
| 245 | 1 | 1 |
_a¿Cuánto sabes de...? : _blos dinosaurios / _cWendy Madgwick ; tr. Pilar Carril. |
| 260 |
_aMéxico : _bLarousse, _c2007. |
||
| 300 |
_a40 p. : _bil. col. |
||
| 650 | 4 |
_aDinosaurios _vLiteratura infantil _99370 |
|
| 650 | 4 |
_aPREGUNTAS Y RESPUESTAS _95370 |
|
| 905 | _aInfantil | ||
| 999 |
_c133529 _d133529 |
||